Представление документа в формате MARC21

Поле Инд. ПП Название Значение
Тип записи a
Библиографический уровень b
001 Контрольный номер RU/IS/BASE/289407745
005 Дата корректировки 20200608194355.6
008 Кодируемые данные 20090303
040 b Код языка каталог. rus
e Правила каталог. PSBO
041 0_ a Код языка текста rus
084 a Индекс другой классификации/Индекс ББК 83.3(4Шва)6
100 1_ a Автор Козаева Л. П.
245 10 a Заглавие Слова с различными словобразовательными структурами в статьях Фридриха Дюрренматта
504 a Библиография Библиогр.: с. 96
600 14 a Персоналии Дюрренматт Фридрих
650 04 a Основная рубрика история литературы
a Основная рубрика литературоведение
a Основная рубрика филологические науки
653 0_ a Ключевые слова XX век
a Ключевые слова статьи
a Ключевые слова стилистика
a Ключевые слова стилистика автора
a Ключевые слова Швейцария
a Ключевые слова язык автора
773 08 t Заглавие источника Вестник Московского университета. Серия 9, Филология
d Дата издания источника 2008
g Прочая информация № 1. - С. 90 - 96
w Контрольный № источника RU/IS/BASE/286474501
901 t Тип документа b